logo

Bir Sreshtho Munshi Abdur Rouf Library
Jhenaidah Cadet College

মাহাথির এবং মালয়েশীয়া / (Record no. 11621)

MARC details
000 -LEADER
fixed length control field 00788nam a2200241 a 4500
001 - CONTROL NUMBER
JCCL Control Number 1162111621
003 - CONTROL NUMBER IDENTIFIER
JCCL marc code BD-JhCC
005 - DATE AND TIME OF LATEST TRANSACTION
control field 20200709084307.0
008 - FIXED-LENGTH DATA ELEMENTS--GENERAL INFORMATION
fixed length control field 200709b2019 bg |||| ||a| 000 0 ben d
020 ## - INTERNATIONAL STANDARD BOOK NUMBER
International Standard Book Number 9789845250788
035 ## - SYSTEM CONTROL NUMBER
system control number (BD-JhCC)11621
040 ## - CATALOGING SOURCE
Original cataloging agency BD-JhCC
Modifying agency BD-JhCC
041 ## - LANGUAGE CODE
Language code of Book ben
082 ## - DEWEY DECIMAL CLASSIFICATION NUMBER
Classification number 303.482
Author mark and Year CHO 2019
100 ## - MAIN ENTRY--PERSONAL NAME
Personal name চৌধুরী, রাহমান
245 ## - TITLE STATEMENT
Title মাহাথির এবং মালয়েশীয়া /
Statement of responsibility, etc রাহমান চৌধুরী ।
260 ## - PUBLICATION, DISTRIBUTION, ETC. (IMPRINT)
Place of publication, distribution, etc ঢাকা:
Name of publisher, distributor, etc প্রথমা প্রকাশন;
Date of publication, distribution, etc ২০১৯.
300 ## - PHYSICAL DESCRIPTION
Pagination 349 p. :
Dimensions 22 cm.
610 ## - SUBJECT ADDED ENTRY--CORPORATE NAME
Corporate name or jurisdiction name as entry element Malaysia
650 ## - SUBJECT ADDED ENTRY--TOPICAL TERM
Topical term or geographic name as entry element Economic history
General subdivision International economic relations
Geographic subdivision Economic policy
942 ## - ADDED ENTRY ELEMENTS (KOHA)
Source of classification or shelving scheme Dewey Decimal Classification
Koha item type Books
Holdings
Source of classification or shelving scheme Damaged status Not for loan Home library Current library Shelving location Date of accession Cost, normal purchase price Total Checkouts Full call number Barcode Date last seen Copy number Koha item type
Dewey Decimal Classification     JCC Rouf Library JCC Rouf Library General Stacks 07/09/2020 487.00   303.482 CHO 2019 15813 07/09/2020 C-1 Books

JCC Library | Contacts | JCC Home

Last Update on 23 September 2017
Copyright @ 2017-2020 JCC Rouf Library
Rouf Library, Jhenidah Cadet College (JCC), Bangladesh